| 000 | 00000nam##2200000za#4500 |
| 001 | 9.532577 |
| 003 | CaOODSP |
| 005 | 20220107122630 |
| 007 | ta |
| 008 | 150406|1996||||xxc||||| f|0| 0 fre|d |
| 040 | |aCaOODSP|bfre |
| 041 | |aeng |
| 041 | |afre |
| 043 | |an-cn--- |
| 086 | 1 |aH71-2/51-65-1996 |
| 110 | 2 |aConseil consultatif national sur le troisième âge (Canada) |
| 245 | 13|aUn bref portrait du système de revenu de retraite du Canada |
| 260 | |aOttawa - Ontario : |bSanté Canada. |c1996. |
| 300 | |a16 feuillets. : |bréférences ; |c28 cm. |
| 490 | 1 |aVignettes vieillissement |vNos 51-65 |
| 500 | |a«Cette troisième série de Vignettes Vieillissement a été créée par le Conseil consultatif national sur le troisième âge (CCNTA) afin de fournir un portrait statistique de la santé et des aîné-e-s au Canada.»--Note aux lecteurs et lectrices. |
| 520 | 3 |aCette troisième série de Vignettes Vieillissement a été créée par le Conseil consultatif national sur le troisième âge (CCNTA) afin de fournir un portrait statistique de la santé et des aîné-e-s au Canada.--Note aux lecteurs et lectrices |
| 546 | |aBilingue |
| 563 | |aFeuilles mobiles |
| 590 | |a99-34|b1999-08-27 |
| 691 | 07|aPension|2gcpds |
| 776 | 0#|tUn bref portrait du système de revenu de retraite du Canada |w(CaOODSP)9.603066 |
| 776 | 0#|tA quick portrait of Canada's retirement income system |w(CaOODSP)9.572800 |
| 791 | |tA quick portrait of Canada's retirement income system |eeng|w(CaOODSP)9.532576 |
| 830 | #0|aVignettes vieillissement ;|vNos 51-65|w(CaOODSP)9.509417 |